Normal view
MARC view
- Filipino essay.
Entry Topical Term
001 - CONTROL NUMBER
- control field: 50238
003 - CONTROL NUMBER IDENTIFIER
- control field: OSt
005 - DATE AND TIME OF LATEST TRANSACTION
- control field: 20231129161251.0
008 - FIXED-LENGTH DATA ELEMENTS
- fixed length control field: 231129|| aca||aabn | a|a d
040 ## - CATALOGING SOURCE
- Original cataloging agency: OSt
- Transcribing agency: OSt
150 ## - HEADING--TOPICAL TERM
- Topical term or geographic name entry element: Filipino essay.
670 ## - SOURCE DATA FOUND
- Source citation: Work cat.: (OSt)18516: Cleto, Luna Sicat. 50199, Huni at pakpak :, ©2022.
